China in law and commerce
Spremljeno u:
| Glavni autor: | |
|---|---|
| Format: | Knjiga |
| Jezik: | Undetermined |
| Izdano: |
London
The Macmillan
1905
|
| Teme: | |
| Oznake: |
Dodaj oznaku
Bez oznaka, Budi prvi tko označuje ovaj zapis!
|
| Thư viện lưu trữ: | Trung tâm Học liệu Trường Đại học Cần Thơ |
|---|
| LEADER | 00471nam a2200181Ia 4500 | ||
|---|---|---|---|
| 001 | CTU_105566 | ||
| 008 | 210402s9999 xx 000 0 und d | ||
| 082 | |a 658 | ||
| 082 | |b J55 | ||
| 100 | |a Jernigan, T. R. | ||
| 245 | 0 | |a China in law and commerce | |
| 245 | 0 | |c T. R. Jernigan | |
| 260 | |a London | ||
| 260 | |b The Macmillan | ||
| 260 | |c 1905 | ||
| 650 | |a China in law and commerce | ||
| 904 | |i Nguyên | ||
| 980 | |a Trung tâm Học liệu Trường Đại học Cần Thơ | ||